NATO-Länder, die an Russland grenzen - Statistiken

Allgemein
  • Dieses Quiz wurde 733 mal gespielt
  • Das Durchschnittsergebnis liegt bei 6 aus 6
Antwortstatistiken
Antwort % Korrekt
Finnland
97%
Estland
96%
Lettland
96%
Litauen
96%
Polen
93%
Norwegen
77%
Keine übereinstimmenden Quizze gefunden
Verteilung der Resultate
Anzahl Personen mit jedem Resultat
Perzentil nach korrekt beantworteten Fragen
Ihre Resultats-Entwicklung
Sie haben dieses Quiz noch nicht gespielt